فن الكاتب المسرحى للمسرح والاذاعة و التليفزيون والسينما / (رقم التسجيلة. 101593)

تفاصيل مارك
000 -LEADER
fixed length control field 011980am a2200289 004500
003 - CONTROL NUMBER IDENTIFIER
control field EG-GiCUC
008 - FIXED-LENGTH DATA ELEMENTS--GENERAL INFORMATION
fixed length control field 080806s1964 ua g 000 0 ara d
040 ## - CATALOGING SOURCE
Original cataloging agency EG-GiCUC
Language of cataloging ara
Transcribing agency EG-GiCUC
041 1# - LANGUAGE CODE
Language code of text/sound track or separate title ara
Language code of original eng
050 #4 - LIBRARY OF CONGRESS CALL NUMBER
Classification number PN1661
Item number B8 1964
092 04 - LOCALLY ASSIGNED DEWEY CALL NUMBER (OCLC)
Classification number 808.2
Item number B9779
Edition number 21
099 ## - LOCAL FREE-TEXT CALL NUMBER (OCLC)
Classification number 04
-- 808.2 B9779
100 1# - MAIN ENTRY--PERSONAL NAME
Personal name بسفيلد : روجر م.
245 10 - TITLE STATEMENT
Title فن الكاتب المسرحى للمسرح والاذاعة و التليفزيون والسينما /
Statement of responsibility, etc. تاليف روجر م.بسفيلد ؛ ترجمة و تقديم درينى خشبة
260 ## - PUBLICATION, DISTRIBUTION, ETC.
Place of publication, distribution, etc. القاهرة :
Name of publisher, distributor, etc. مكتبة نهضة مصر :
Date of publication, distribution, etc. 1964
300 ## - PHYSICAL DESCRIPTION
Extent 462ص ؛
Dimensions 24سم
504 ## - BIBLIOGRAPHY, ETC. NOTE
Bibliography, etc. note يشتمل على ارجاعات ببليوجرافية (ص405-441)
546 ## - LANGUAGE NOTE
Language note الترجمة العربية لـ : The playwright{u2019}s art : stage , radio , television , motion pictures
650 #7 - SUBJECT ADDED ENTRY--TOPICAL TERM
Topical term or geographic name entry element التأليف
Source of heading or term qrmak
650 #7 - SUBJECT ADDED ENTRY--TOPICAL TERM
Topical term or geographic name entry element المسرحية
General subdivision تأليف
Source of heading or term qrmak
700 1# - ADDED ENTRY--PERSONAL NAME
Personal name خشبة : درينى
902 ## - LOCAL DATA ELEMENT B, LDB (RLIN)
No. of Items 1
905 ## - LOCAL DATA ELEMENT E, LDE (RLIN)
Cataloger بلتاجى
Reviser مراجع
905 ## - LOCAL DATA ELEMENT E, LDE (RLIN)
Cataloger جمال
Reviser مدخل
942 ## - ADDED ENTRY ELEMENTS (KOHA)
Source of classification or shelving scheme Dewey Decimal Classification
Koha item type Books
المقتنيات
Source of classification or shelving scheme Not for loan Home library Current library Date acquired Full call number Barcode Date last seen Copy number Koha item type
Dewey Decimal Classification   المكتبة المركزبة الجديدة - جامعة القاهرة قاعة المكتبات المهداة - الدور الرابع 11.02.2024 808.2 B9779 M.K. 01000104001711000 23.06.2024 C.1 Books
Cairo University Libraries Portal Implemented & Customized by: Eng. M. Mohamady Contacts: new-lib@cl.cu.edu.eg | cnul@cl.cu.edu.eg
CUCL logo CNUL logo
© All rights reserved — Cairo University Libraries
CUCL logo
Implemented & Customized by: Eng. M. Mohamady Contact: new-lib@cl.cu.edu.eg © All rights reserved — New Central Library
CNUL logo
Implemented & Customized by: Eng. M. Mohamady Contact: cnul@cl.cu.edu.eg © All rights reserved — Cairo National University Library